The self-avoiding walk
Αποθηκεύτηκε σε:
| Κύριος συγγραφέας: | |
|---|---|
| Άλλοι συγγραφείς: | |
| Μορφή: | Βιβλίο |
| Γλώσσα: | English |
| Δημοσίευση: |
Boston :
Birkhauser,
c1996
|
| Σειρά: | Probability and its applications
|
| Θέματα: | |
| Ετικέτες: |
Προσθήκη ετικέτας
Δεν υπάρχουν, Καταχωρήστε ετικέτα πρώτοι!
|
MARC
| LEADER | 00000nam a2200000 i 4500 | ||
|---|---|---|---|
| 001 | 1/48935 | ||
| 008 | 070724s1996 eng d | ||
| 020 | |a 0-8176-3891-1 | ||
| 035 | |l 10089054 | ||
| 040 | |a GR-MY-UA |b gre |e aacr | ||
| 041 | 0 | |a eng | |
| 082 | 0 | |a 519.233 |2 (22) | |
| 100 | 1 | |a Madras, Neal Noah |d 1957- | |
| 245 | 1 | 4 | |a The self-avoiding walk / |c Neal Madras, Gordon Slade |
| 260 | |a Boston : |b Birkhauser, |c c1996 | ||
| 300 | |a xiv, 425 σ.; |b εικ.; |c 25 εκ. | ||
| 490 | 1 | |a Probability and its applications | |
| 504 | |a Βιβλιογραφία: σ.399-416. Ευρετήριο | ||
| 650 | 0 | 0 | |a Self-avoiding walks (Mathematics) |
| 650 | 0 | 0 | |a Statistical physics. |
| 650 | 0 | 0 | |a Chemistry, Physical and theoretical |x Mathematics. |
| 700 | 1 | |a Slade, Gordon Douglas |d 1955- | |
| 830 | 0 | |a Probability and its applications | |
| 852 | |a INST |b SAMOS |e 20070724 |h 519.233 MAD |p 005300025768 |q 005300025768 |t BK |y 0 | ||
| 901 | |a BIBL3-2007-2 | ||
| 909 | |a Σ |b 135829 | ||
| 922 | |a 3ΕΛΗ |b 200706 |c ΕΠΕΑΕΚ2/ΤΣΑΕ |d ΕΛΕΥΘΕΡΟΥΔΑΚΗΣ | ||
| 970 | |a ΚΟΣΙΕΡΗΣ |b ΧΡΗΣΤΟΣ |z 2007/07/24 | ||